000 00323nam a2200133Ia 4500
008 240624s9999 xx 000 0 und d
041 _aeng
082 _a954 MOI
100 _aMOILY M VEERAPPA
245 _aSHREE RAMAYANA MAHANVESHANAM
260 _c2010
_aNew Delhi
_bRupa & Co.
300 _a1522 : p.
365 _cRS
_b25
999 _c16240
_d16240